Quick Pick: Shakespeare, Not Lannister Quiz Stats

 Plays Quiz Updated Jun 26, 2017

Support Sporcle.
Go Orange.
Score 0/7 Timer 01:30
0 Plays Today
% Correct
Juliet
95.1%
Tybalt
84.4%
Cesario
82.9%
Laertes
82.3%
Katherine
81.3%
Timon
79.5%
Jachimo
65.4%

Today's Daily Dose

You're not logged in!

Compare scores with friends on all Sporcle quizzes.
OR
Log In
Forgot?

From the Vault

Character by Catchphrase

by Pats4Life

We hope you think this quiz is 'Legen— wait for it —dary'
Remove Ads.
Support Sporcle.
Get the best of Sporcle when you Go Orange. This ad-free experience offers more features, more stats, and more fun while also helping to support Sporcle. Thank you for becoming a member.

Show Comments

Extras

Top Quizzes Today


Score Distribution

Your Account Isn't Verified!

In order to create a playlist on Sporcle, you need to verify the email address you used during registration. Go to your Sporcle Settings to finish the process.

Report this User

Report this user for behavior that violates our Community Guidelines.

Details: